Catálogo público

Better land husbandry: from soil conservation to holistic land management / Jon Hellin (Record no. 217089)

MARC details
000 -CABECERA
campo de control de longitud fija 00918nam a2200277Ia 4500
001 - NÚMERO DE CONTROL
campo de control Z_6198
008 - DATOS DE LONGITUD FIJA--INFORMACIÓN GENERAL
campo de control de longitud fija 220601s9999 xx 000 0 und d
020 ## - NÚMERO INTERNACIONAL ESTÁNDAR DEL LIBRO
Número Internacional Estándar del Libro 1-57808-244-7
082 ## - NÚMERO DE LA CLASIFICACIÓN DECIMAL DEWEY
Número de clasificación 631.45 H45
100 ## - ENTRADA PRINCIPAL--NOMBRE DE PERSONA
Nombre de persona Hellin, Jon
9 (RLIN) 53457
245 ## - MENCIÓN DE TÍTULO
Título Better land husbandry: from soil conservation to holistic land management / Jon Hellin
260 ## - PUBLICACIÓN, DISTRIBUCIÓN, ETC.
Lugar de publicación, distribución, etc. Estados Unidos de América: Science Publishers
300 ## - DESCRIPCIÓN FÍSICA
Extensión xiv, 315 p.
440 ## - MENCIÓN DE SERIE/PUNTO DE ACCESO ADICIONAL--TÍTULO
Título Land reconstruction and management; 4
9 (RLIN) 183327
504 ## - NOTA DE BIBLIOGRAFÍA, ETC.
Nota de bibliografía, etc. Bibliografía: p. 268 - 309, incluye índice
650 ## - PUNTO DE ACCESO ADICIONAL DE MATERIA--TÉRMINO DE MATERIA
Término de materia o nombre geográfico como elemento de entrada 1. Conservación de suelos
650 ## - PUNTO DE ACCESO ADICIONAL DE MATERIA--TÉRMINO DE MATERIA
Término de materia o nombre geográfico como elemento de entrada Gestión de recursos del suelo
9 (RLIN) 144111
650 ## - PUNTO DE ACCESO ADICIONAL DE MATERIA--TÉRMINO DE MATERIA
Término de materia o nombre geográfico como elemento de entrada Suelos - Fertilidad
650 ## - PUNTO DE ACCESO ADICIONAL DE MATERIA--TÉRMINO DE MATERIA
Término de materia o nombre geográfico como elemento de entrada erosión del suelo
9 (RLIN) 144110
650 ## - PUNTO DE ACCESO ADICIONAL DE MATERIA--TÉRMINO DE MATERIA
Término de materia o nombre geográfico como elemento de entrada control de la erosión Ì
901 ## - ELEMENTOS DE DATOS A LOCAL LDA (RLIN)
a 631.45 H45
902 ## - ELEMENTOS DE DATOS B LOCAL, LDB (RLIN)
a M
905 ## - ELEMENTOS DE DATOS E LOCAL, LDE (RLIN)
a 5032272006 xxuadmn8000000300eng00
942 ## - ELEMENTOS DE PUNTO DE ACCESO ADICIONAL (KOHA)
Tipo de ítem Koha Libro_
Holdings
Estado de retiro Estado de pérdida Fuente del sistema de clasificación o colocación Estado dañado No para préstamo Código de colección Localización permanente Ubicación/localización actual Ubicación en estantería Fecha de adquisición Total de préstamos Código de barras Fecha visto por última vez Número de copia Precio válido a partir de Tipo de ítem Koha
    Dewey Decimal Classification     General Zootecnia Zootecnia   23/06/2012   z_4473 02/06/2022 1 02/06/2022 Libro